[Event "Scarborough CC Howard Ridout op U1700"]
[Site "Toronto CAN"]
[Date "2008.10.16"]
[Round "6"]
[White "Dattani, Dinesh"]
[Black "Philip, Andrew"]
[Result "1/2-1/2"]
[WhiteElo "1273"]
[BlackElo "1586"]
[PlyCount "66"]
[GameId "2160767910319834"]
[EventDate "2008.09.11"]
[EventType "swiss"]
[EventRounds "7"]
[EventCountry "CAN"]
[SourceTitle "EXT 2011"]
[Source "ChessBase"]
[SourceDate "2011.11.26"]
[SourceVersion "1"]
[SourceVersionDate "2011.11.26"]
[SourceQuality "1"]

1. e4 Nc6 2. Nf3 Nf6 3. Nc3 d5 4. exd5 Nxd5 5. Bc4 Nf6 6. Ng5 e6 7. O-O Bc5 8. Re1 O-O 9. Nce4 Nxe4 10. Nxe4 Be7 11. c3 Ne5 12. Bb3 Nd7 13. d4 Nf6 14. Qd3 Nxe4 15. Qxe4 Bf6 16. Bf4 c6 17. Bc2 g6 18. Bb3 a5 19. a3 Qb6 20. Qc2 Bd7 21. Rad1 Bg7 22. c4 Bxd4 23. Rxd4 Qxd4 24. Be3 Qg7 25. Rd1 f6 26. Qd2 Rf7 27. Bh6 Qh8 28. Qd6 f5 29. c5 Qf6 30. Qc7 Be8 31. Qd6 Bd7 32. Qc7 Be8 33. Qd6 Bd7 1/2-1/2

[Event "Scarborough CC Howard Ridout op U1700"]
[Site "Toronto CAN"]
[Date "2008.10.16"]
[Round "6"]
[White "Douglas, Steven"]
[Black "Xie, Peter"]
[Result "0-1"]
[WhiteElo "1610"]
[BlackElo "1404"]
[PlyCount "80"]
[GameId "2160767910319835"]
[EventDate "2008.09.11"]
[EventType "swiss"]
[EventRounds "7"]
[EventCountry "CAN"]
[SourceTitle "EXT 2011"]
[Source "ChessBase"]
[SourceDate "2011.11.26"]
[SourceVersion "1"]
[SourceVersionDate "2011.11.26"]
[SourceQuality "1"]

1. e4 e5 2. f4 Bc5 3. Nf3 d6 4. fxe5 dxe5 5. Bc4 h6 6. Bxf7+ Kxf7 7. Nxe5+ Ke8 8. Qh5+ Ke7 9. Ng6+ Kd7 10. Nxh8 Qe7 11. Qd5+ Bd6 12. Ng6 Qf6 13. Qh5 Ne7 14. Nxe7 Kxe7 15. Rf1 Qe6 16. Nc3 Bd7 17. Nd5+ Kd8 18. d3 c6 19. Nf4 Qe7 20. Ng6 Qe8 21. Bf4 Bb4+ 22. c3 Be7 23. Nxe7 Qxh5 24. Nf5 g5 25. Bd6 Bxf5 26. Rxf5 Nd7 27. Kd2 Qg6 28. Bf8 Kc7 29. Ba3 Rd8 30. Raf1 Kc8 31. e5 Qe6 32. Bd6 Qxa2 33. Kc2 Qa4+ 34. Kb1 Qb5 35. Kc2 Qd5 36. R1f2 Re8 37. d4 c5 38. Rd2 Qe4+ 39. Rd3 Qxf5 40. dxc5 Nxe5 0-1

[Event "Scarborough CC Howard Ridout op U1700"]
[Site "Toronto CAN"]
[Date "2008.10.16"]
[Round "6"]
[White "Ward, Dean"]
[Black "Morra, Lui"]
[Result "1/2-1/2"]
[WhiteElo "1644"]
[BlackElo "1637"]
[PlyCount "75"]
[GameId "2160767910319837"]
[EventDate "2008.09.11"]
[EventType "swiss"]
[EventRounds "7"]
[EventCountry "CAN"]
[SourceTitle "EXT 2011"]
[Source "ChessBase"]
[SourceDate "2011.11.26"]
[SourceVersion "1"]
[SourceVersionDate "2011.11.26"]
[SourceQuality "1"]

1. e4 c5 2. Nf3 e6 3. d4 cxd4 4. Nxd4 a6 5. Nc3 Qc7 6. Bd3 Nf6 7. O-O Be7 8. Be3 b5 9. Ndxb5 axb5 10. Nxb5 Qd8 11. Bf4 d6 12. e5 dxe5 13. Bxe5 O-O 14. Nc7 Ra5 15. Qe1 Ra7 16. Nb5 Rb7 17. a4 Nbd7 18. Rd1 Qb6 19. a5 Qc6 20. a6 Rxb5 21. Bxb5 Qxb5 22. a7 Ba6 23. Bd4 Qxf1+ 24. Qxf1 Bxf1 25. Kxf1 Ra8 26. f3 Bc5 27. Bxc5 Nxc5 28. b4 Nb7 29. Ra1 Nd5 30. c4 Nxb4 31. Rb1 Rxa7 32. Rxb4 Kf8 33. Ke2 Ke7 34. Kd3 Nc5+ 35. Kd4 Nd7 36. c5 Rc7 37. Rc4 e5+ 38. Kd5 1/2-1/2

[Event "Scarborough CC Howard Ridout op U1700"]
[Site "Toronto CAN"]
[Date "2008.10.16"]
[Round "6"]
[White "Xia, Linda"]
[Black "Smith, Maurice"]
[Result "1/2-1/2"]
[WhiteElo "1533"]
[BlackElo "1670"]
[PlyCount "126"]
[GameId "2160767910319838"]
[EventDate "2008.09.11"]
[EventType "swiss"]
[EventRounds "7"]
[EventCountry "CAN"]
[SourceTitle "EXT 2011"]
[Source "ChessBase"]
[SourceDate "2011.11.26"]
[SourceVersion "1"]
[SourceVersionDate "2011.11.26"]
[SourceQuality "1"]

1. d4 c5 2. c4 cxd4 3. Nf3 Nf6 4. Nxd4 Nc6 5. Nc3 g6 6. e3 Bg7 7. Bd3 O-O 8. Nf3 d6 9. O-O Bg4 10. Be2 Rc8 11. Re1 a6 12. Nd4 Bxe2 13. Rxe2 Nd7 14. b3 Nde5 15. Bb2 Nb4 16. Ba3 Qa5 17. Bxb4 Qxb4 18. Nd5 Qc5 19. Nxe7+ Kh8 20. Nxc8 Rxc8 21. Rc1 b5 22. Rec2 b4 23. Nf3 Qc7 24. Nxe5 Bxe5 25. c5 Bc3 26. cxd6 Qc6 27. d7 Rd8 28. Qd4+ Kg8 29. Qc4 Qxd7 30. Qxa6 Qd5 31. Qc4 Qd6 32. Qf1 Qd5 33. Re2 Qd6 34. e4 Qd4 35. h3 Qd6 36. f4 Qd4+ 37. Qf2 Qd7 38. Rf1 Bd4 39. Re3 Bxe3 40. Qxe3 Qc7 41. Rf2 Rd1+ 42. Kh2 Rd8 43. e5 Re8 44. Qd4 Qb7 45. Qc4 Rc8 46. Qd4 Re8 47. Qd6 Qb5 48. f5 Qxe5+ 49. Qxe5 Rxe5 50. fxg6 fxg6 51. Rf4 Rb5 52. h4 Kg7 53. g4 h6 54. Kg3 Rb6 55. Kf3 g5 56. hxg5 hxg5 57. Rf5 Kg6 58. Ke3 Ra6 59. Rb5 Rxa2 60. Rxb4 Rg2 61. Re4 Rg3+ 62. Kd4 Rxb3 63. Re6+ Kf7 1/2-1/2

[Event "Scarborough CC Howard Ridout op U1700"]
[Site "Toronto CAN"]
[Date "2008.10.23"]
[Round "7"]
[White "Brammall, Stuart"]
[Black "Umana, Mario"]
[Result "1-0"]
[WhiteElo "1580"]
[BlackElo "1430"]
[PlyCount "61"]
[GameId "2160767910319839"]
[EventDate "2008.09.11"]
[EventType "swiss"]
[EventRounds "7"]
[EventCountry "CAN"]
[SourceTitle "EXT 2011"]
[Source "ChessBase"]
[SourceDate "2011.11.26"]
[SourceVersion "1"]
[SourceVersionDate "2011.11.26"]
[SourceQuality "1"]

1. e4 d5 2. exd5 Qxd5 3. Nc3 Qa5 4. d4 e6 5. Nf3 Nf6 6. Bd2 Nbd7 7. Bc4 c6 8. Qe2 Be7 9. Ng5 h6 10. Nxf7 Kxf7 11. Qxe6+ Ke8 12. Nd5 Qd8 13. Nc3 Nd5 14. Bd3 Nf8 15. Qe5 Kf7 16. O-O-O Bf6 17. Qh5+ g6 18. Qf3 Kg7 19. Bc4 h5 20. h3 Ne6 21. Be3 Nxc3 22. bxc3 Rf8 23. g4 h4 24. Rhe1 Qe7 25. Kb1 b5 26. Bb3 a5 27. Qxc6 Qd7 28. Qxa8 Nc7 29. Qxa5 Bb7 30. Qb4 Kh7 31. Qxf8 1-0

[Event "Scarborough CC Howard Ridout op U1700"]
[Site "Toronto CAN"]
[Date "2008.10.23"]
[Round "7"]
[White "Pishdad, Hassan"]
[Black "Xi, Jason"]
[Result "1-0"]
[WhiteElo "1352"]
[BlackElo "810"]
[PlyCount "77"]
[GameId "2160767910319840"]
[EventDate "2008.09.11"]
[EventType "swiss"]
[EventRounds "7"]
[EventCountry "CAN"]
[SourceTitle "EXT 2011"]
[Source "ChessBase"]
[SourceDate "2011.11.26"]
[SourceVersion "1"]
[SourceVersionDate "2011.11.26"]
[SourceQuality "1"]

1. e4 c5 2. Bc4 d6 3. Nf3 Nf6 4. Ng5 e6 5. d3 g6 6. c3 h6 7. Nf3 Bg7 8. Be3 O-O 9. Nbd2 Ng4 10. Bf4 Qb6 11. Nb3 d5 12. exd5 a5 13. Qe2 Re8 14. a4 Bd7 15. d6 Nc6 16. Be3 e5 17. Nxc5 Bf5 18. Nd7 Bxd7 19. Bxb6 Bf5 20. h3 Nf6 21. O-O-O Be6 22. Bxe6 Rxe6 23. Bc7 Bf8 24. d7 Nxd7 25. Qe3 Rc8 26. Bb6 Nb4 27. Kb1 Nd5 28. Qe4 Rxb6 29. Qxd5 Bd6 30. Ka2 Ra8 31. Rhe1 Nf6 32. Qc4 Nd7 33. Qh4 h5 34. Qg5 Kg7 35. Nxe5 Bxe5 36. Rxe5 Nxe5 37. Qxe5+ Kf8 38. Qc5+ Kg7 39. Qxb6 1-0

[Event "Scarborough CC Howard Ridout op U1700"]
[Site "Toronto CAN"]
[Date "2008.10.23"]
[Round "7"]
[White "Xia, Linda"]
[Black "Gaffney, Kevin"]
[Result "0-1"]
[WhiteElo "1533"]
[BlackElo "1496"]
[PlyCount "90"]
[GameId "2160767910319841"]
[EventDate "2008.09.11"]
[EventType "swiss"]
[EventRounds "7"]
[EventCountry "CAN"]
[SourceTitle "EXT 2011"]
[Source "ChessBase"]
[SourceDate "2011.11.26"]
[SourceVersion "1"]
[SourceVersionDate "2011.11.26"]
[SourceQuality "1"]

1. d4 d5 2. c4 e6 3. Nc3 Be7 4. Nf3 Nf6 5. Bg5 h6 6. Bxf6 Bxf6 7. e3 O-O 8. Bd3 dxc4 9. Bxc4 Nd7 10. O-O b6 11. Re1 Bb7 12. Rc1 c5 13. Bb3 Bxf3 14. Qxf3 cxd4 15. exd4 Bxd4 16. Red1 Bxc3 17. Rxc3 Ne5 18. Qe4 Qf6 19. Re3 Ng6 20. Qd4 Qxd4 21. Rxd4 Rac8 22. Re1 Rc7 23. Bc4 Ne7 24. b3 Nc6 25. Rdd1 Rd8 26. a4 Kf8 27. Rxd8+ Nxd8 28. Rd1 Ke7 29. f4 Nc6 30. Kf2 Na5 31. Rd4 Nxc4 32. Rxc4 Rxc4 33. bxc4 Kd6 34. Ke3 Kc5 35. Kd3 Kb4 36. Kd4 Kxa4 37. c5 Kb5 38. cxb6 axb6 39. g4 Kc6 40. h4 b5 41. f5 exf5 42. gxf5 Kd6 43. h5 b4 44. Kc4 Ke5 45. Kxb4 Kxf5 0-1

[Event "Scarborough CC Howard Ridout op U1700"]
[Site "Toronto CAN"]
[Date "2008.10.23"]
[Round "7"]
[White "Xie, Peter"]
[Black "Dattani, Dinesh"]
[Result "1-0"]
[WhiteElo "1404"]
[BlackElo "1273"]
[PlyCount "75"]
[GameId "2160767910319842"]
[EventDate "2008.09.11"]
[EventType "swiss"]
[EventRounds "7"]
[EventCountry "CAN"]
[SourceTitle "EXT 2011"]
[Source "ChessBase"]
[SourceDate "2011.11.26"]
[SourceVersion "1"]
[SourceVersionDate "2011.11.26"]
[SourceQuality "1"]

1. e4 e5 2. Nf3 Nc6 3. Bb5 a6 4. Ba4 Nf6 5. O-O b5 6. Bb3 Be7 7. Re1 O-O 8. c3 d6 9. d3 Bg4 10. Nbd2 d5 11. Nf1 d4 12. h3 Bh5 13. Ng3 Bg6 14. Nh4 Bh5 15. Nxh5 Nxh5 16. Nf5 Nf4 17. Qg4 Bf6 18. Nh6+ Kh8 19. Nxf7+ Rxf7 20. Bxf7 Nxd3 21. Rd1 Nxf2 22. Kxf2 Bh4+ 23. Kg1 Qe7 24. Bd5 Qf6 25. Qf3 Qd6 26. Qh5 Bg3 27. Rf1 Rf8 28. Bxc6 Rxf1+ 29. Kxf1 Qf6+ 30. Qf5 Qd8 31. Bg5 Qb8 32. Bd5 Qe8 33. Kg1 h6 34. Bd2 Qd8 35. Rf1 Qh4 36. Qf8+ Kh7 37. Bg8+ Kg6 38. Qf5# 1-0

[Event "Scarborough CC Spring Swiss"]
[Site "Toronto CAN"]
[Date "2008.03.13"]
[Round "1"]
[White "Casareno, Erwin"]
[Black "Bellomo, Joe"]
[Result "1-0"]
[WhiteElo "2242"]
[BlackElo "1764"]
[PlyCount "67"]
[GameId "2160767910413142"]
[EventDate "2008.03.13"]
[EventType "swiss"]
[EventRounds "8"]
[EventCountry "CAN"]
[SourceTitle "EXT 2011"]
[Source "ChessBase"]
[SourceDate "2011.11.26"]
[SourceVersion "1"]
[SourceVersionDate "2011.11.26"]
[SourceQuality "1"]

1. e4 c5 2. Nf3 d6 3. d4 cxd4 4. Nxd4 Nf6 5. Nc3 a6 6. Be3 Nc6 7. f3 e6 8. Qd2 Be7 9. O-O-O O-O 10. g4 Ne5 11. g5 Nfd7 12. h4 Qc7 13. h5 Nc4 14. Bxc4 Qxc4 15. g6 e5 16. Nf5 Qe6 17. Nd5 Bd8 18. gxh7+ Kxh7 19. h6 g6 20. Ng7 Qxd5 21. Qxd5 Nf6 22. Qxd6 Rg8 23. Bg5 Rh8 24. Qxe5 Nd7 25. Qf4 Rf8 26. Rxd7 Bxd7 27. Qd6 Bc7 28. Qxc7 Bc6 29. Ne6 Rac8 30. Qe5 f6 31. Nxf8+ Rxf8 32. Qe7+ Rf7 33. Qxf7+ Kh8 34. Bxf6# 1-0

[Event "Scarborough CC Spring Swiss"]
[Site "Toronto CAN"]
[Date "2008.03.13"]
[Round "1"]
[White "Gillis, Doug"]
[Black "Armstrong, Robert J"]
[Result "1-0"]
[WhiteElo "1561"]
[BlackElo "1796"]
[PlyCount "95"]
[GameId "2160767910413143"]
[EventDate "2008.03.13"]
[EventType "swiss"]
[EventRounds "8"]
[EventCountry "CAN"]
[SourceTitle "EXT 2011"]
[Source "ChessBase"]
[SourceDate "2011.11.26"]
[SourceVersion "1"]
[SourceVersionDate "2011.11.26"]
[SourceQuality "1"]

1. e4 g6 2. d4 Bg7 3. Nc3 d6 4. Be2 Nf6 5. h4 h5 6. Nh3 O-O 7. Bg5 c6 8. Qd2 b5 9. e5 dxe5 10. dxe5 Qxd2+ 11. Bxd2 Ng4 12. f4 a5 13. Ne4 Bf5 14. Bf3 Rd8 15. O-O-O b4 16. Nc5 Ra7 17. Be4 Bxe4 18. Nxe4 Rad7 19. Nhf2 Nxf2 20. Nxf2 c5 21. Be3 Rxd1+ 22. Rxd1 Rxd1+ 23. Kxd1 c4 24. Ne4 Nc6 25. Nd2 c3 26. bxc3 bxc3 27. Ne4 f6 28. exf6 Bxf6 29. Nxf6+ exf6 30. a3 Ne7 31. Bd4 Nd5 32. g3 Kf7 33. Ke2 Ke6 34. Kd3 Kf5 35. Kc4 Ke4 36. Bxc3 Nxc3 37. Kxc3 Kf3 38. Kd4 Kxg3 39. c4 Kxh4 40. c5 Kg3 41. c6 h4 42. c7 h3 43. c8=Q h2 44. Qc3+ Kg2 45. Qc2+ Kg1 46. Qxg6+ Kf2 47. Qh5 Kg2 48. Ke4 1-0

[Event "Scarborough CC Spring Swiss"]
[Site "Toronto CAN"]
[Date "2008.03.13"]
[Round "1"]
[White "Mesiti, Silvano"]
[Black "Chapin, Sam"]
[Result "0-1"]
[WhiteElo "1770"]
[BlackElo "1779"]
[PlyCount "65"]
[GameId "2160767910413144"]
[EventDate "2008.03.13"]
[EventType "swiss"]
[EventRounds "8"]
[EventCountry "CAN"]
[SourceTitle "EXT 2011"]
[Source "ChessBase"]
[SourceDate "2011.11.26"]
[SourceVersion "1"]
[SourceVersionDate "2011.11.26"]
[SourceQuality "1"]

1. e4 g6 2. Nf3 Bg7 3. d4 d6 4. Nc3 Nf6 5. Bc4 c6 6. O-O b5 7. Bd3 O-O 8. a3 Nbd7 9. Re1 e5 10. d5 cxd5 11. Bxb5 dxe4 12. Bc6 Rb8 13. Nxe4 Nxe4 14. Bxe4 Nc5 15. Rb1 Nxe4 16. Rxe4 Bf5 17. Rc4 Rc8 18. b3 d5 19. Rxc8 Qxc8 20. Rb2 Qc5 21. Ra2 Rc8 22. Ne1 e4 23. Be3 d4 24. Bd2 a5 25. a4 e3 26. Bc1 exf2+ 27. Kxf2 d3+ 28. Be3 Bd4 29. Bxd4 Qxd4+ 30. Kf1 Qf4+ 31. Kg1 Qe3+ 32. Kh1 dxc2 33. Qc1 0-1

[Event "Scarborough CC Spring Swiss"]
[Site "Toronto CAN"]
[Date "2008.03.20"]
[Round "2"]
[White "Armstrong, Robert J"]
[Black "Perez, Michael"]
[Result "1-0"]
[WhiteElo "1796"]
[BlackElo "1728"]
[PlyCount "80"]
[GameId "2160767910413146"]
[EventDate "2008.03.13"]
[EventType "swiss"]
[EventRounds "8"]
[EventCountry "CAN"]
[SourceTitle "EXT 2011"]
[Source "ChessBase"]
[SourceDate "2011.11.26"]
[SourceVersion "1"]
[SourceVersionDate "2011.11.26"]
[SourceQuality "1"]

1. d4 Nf6 2. c4 e6 3. Nf3 b6 4. e3 Bb7 5. Bd3 Be7 6. O-O O-O 7. Nc3 c5 8. b3 d5 9. cxd5 exd5 10. Bb2 Re8 11. dxc5 Bxc5 12. Nb5 Nbd7 13. Rc1 Ne4 14. a3 a6 15. Nbd4 Ndf6 16. b4 Bf8 17. Qe2 g6 18. Nc6 Qd6 19. b5 Nc5 20. Be5 Rxe5 21. Nfxe5 axb5 22. Bxb5 Rxa3 23. Rfd1 Nfe4 24. Nc4 Qd7 25. Nd4 Qd8 26. Nxa3 Qh4 27. Nf3 Qh5 28. Nb1 Bd6 29. Nbd2 Bc8 30. Nxe4 dxe4 31. Rxd6 Bg4 32. Rd8+ Kg7 33. Qb2+ Kh6 34. Ne5 Be6 35. Be2 Qg5 36. Rf8 f6 37. Nf7+ Bxf7 38. Rxf7 Ne6 39. Rxf6 Qh4 40. Rxe6 Qd8 1-0

[Event "Scarborough CC Spring Swiss"]
[Site "Toronto CAN"]
[Date "2008.03.20"]
[Round "2"]
[White "Bellomo, Joe"]
[Black "Verde, Pino"]
[Result "0-1"]
[WhiteElo "1723"]
[BlackElo "1707"]
[PlyCount "98"]
[GameId "2160767910413147"]
[EventDate "2008.03.13"]
[EventType "swiss"]
[EventRounds "8"]
[EventCountry "CAN"]
[SourceTitle "EXT 2011"]
[Source "ChessBase"]
[SourceDate "2011.11.26"]
[SourceVersion "1"]
[SourceVersionDate "2011.11.26"]
[SourceQuality "1"]

1. e4 c5 2. Nf3 d6 3. d4 cxd4 4. Nxd4 Nf6 5. Nc3 e6 6. Be3 a6 7. Be2 b5 8. a3 Bb7 9. Bf3 Nbd7 10. Nb3 Ne5 11. Nd2 Rc8 12. O-O h5 13. Bg5 Be7 14. Bxf6 Nxf3+ 15. Nxf3 Bxf6 16. Qd3 Bxc3 17. bxc3 Qc7 18. Rfd1 Ke7 19. Rab1 Rhd8 20. Rb3 d5 21. e5 Qc4 22. Qe3 Qg4 23. Rd4 Qf5 24. Qg5+ Qxg5 25. Nxg5 Rc4 26. Nf3 Rdc8 27. Rd3 Re4 28. Kf1 a5 29. Rd4 Rc4 30. Rxe4 Rxe4 31. g3 b4 32. cxb4 axb4 33. axb4 d4 34. b5 g5 35. Rd3 g4 36. Nxd4 Rxe5 37. Rc3 Kd6 38. Ra3 Kc5 39. c3 Bd5 40. Ra1 Bc4+ 41. Kg1 Rd5 42. Ra7 Kb6 43. Rxf7 e5 44. Rf6+ Kb7 45. Rf7+ Kc8 46. b6 exd4 47. Rc7+ Kb8 48. Rxc4 d3 49. Rb4 d2 0-1

[Event "Scarborough CC Spring Swiss"]
[Site "Toronto CAN"]
[Date "2008.03.20"]
[Round "2"]
[White "Chapin, Sam"]
[Black "Bossy, John"]
[Result "1/2-1/2"]
[WhiteElo "1779"]
[BlackElo "1936"]
[PlyCount "126"]
[GameId "2160767910413148"]
[EventDate "2008.03.13"]
[EventType "swiss"]
[EventRounds "8"]
[EventCountry "CAN"]
[SourceTitle "EXT 2011"]
[Source "ChessBase"]
[SourceDate "2011.11.26"]
[SourceVersion "1"]
[SourceVersionDate "2011.11.26"]
[SourceQuality "1"]

1. d4 Nf6 2. Nf3 d5 3. Bg5 Ne4 4. Bf4 c5 5. e3 Qb6 6. Qc1 Nc6 7. c3 Bf5 8. Nbd2 e6 9. Nxe4 Bxe4 10. Be2 Rc8 11. Qd2 Be7 12. O-O O-O 13. dxc5 Bxc5 14. b4 Be7 15. Nd4 Rfd8 16. a4 a5 17. b5 Nxd4 18. exd4 Bd6 19. Rfc1 Qc7 20. Bxd6 Qxd6 21. Qe3 Bg6 22. h4 h6 23. h5 Bh7 24. Bd3 Bxd3 25. Qxd3 Rc4 26. Qe3 Rdc8 27. g4 Qc7 28. Ra3 Qe7 29. Ra2 Qh4 30. f3 Qg5 31. Qxg5 hxg5 32. Raa1 Rxc3 33. Rxc3 Rxc3 34. Kf2 Kf8 35. Ke2 Ke7 36. Ra2 f5 37. Ra1 f4 38. Ra2 Re3+ 39. Kf2 Rd3 40. Rc2 Rxd4 41. Rc7+ Kf6 42. Rxb7 Rxa4 43. b6 Ra2+ 44. Ke1 Rb2 45. Rb8 a4 46. Ra8 Rxb6 47. Rxa4 Rb3 48. Ke2 Rb2+ 49. Ke1 Rb3 50. Ke2 Re3+ 51. Kf2 e5 52. Ra6+ Kf7 53. Rg6 d4 54. Rxg5 d3 55. Rg6 e4 56. fxe4 Rxe4 57. Rd6 Re3 58. Rd4 g5 59. hxg6+ Kxg6 60. Rxf4 Re2+ 61. Kf1 Kg5 62. Rd4 Re3 63. Kf2 Re2+ 1/2-1/2

[Event "Scarborough CC Spring Swiss"]
[Site "Toronto CAN"]
[Date "2008.03.20"]
[Round "2"]
[White "Hall, John2"]
[Black "Arfin, Sam"]
[Result "1-0"]
[WhiteElo "2115"]
[BlackElo "1689"]
[PlyCount "57"]
[GameId "2160767910413149"]
[EventDate "2008.03.13"]
[EventType "swiss"]
[EventRounds "8"]
[EventCountry "CAN"]
[SourceTitle "EXT 2011"]
[Source "ChessBase"]
[SourceDate "2011.11.26"]
[SourceVersion "1"]
[SourceVersionDate "2011.11.26"]
[SourceQuality "1"]

1. Nf3 c5 2. c4 Nc6 3. g3 g6 4. d4 cxd4 5. Nxd4 Bg7 6. Nc2 Nf6 7. Bg2 O-O 8. O-O d6 9. Nc3 Be6 10. b3 Nd7 11. Bb2 a5 12. e3 Nc5 13. Nd4 Bd7 14. Rb1 Rb8 15. Nd5 Ne5 16. h3 Ned3 17. Ba1 b5 18. Qe2 bxc4 19. bxc4 Rxb1 20. Rxb1 e6 21. Nc3 a4 22. Ndb5 Bxc3 23. Bxc3 Bxb5 24. cxb5 Qe7 25. Rd1 Ne5 26. Bxe5 dxe5 27. Qc4 Nd7 28. Qc7 Rd8 29. Bc6 1-0

[Event "Scarborough CC Spring Swiss"]
[Site "Toronto CAN"]
[Date "2008.03.20"]
[Round "2"]
[White "Manalo, Pepin"]
[Black "Muir, Tom"]
[Result "1-0"]
[WhiteElo "1837"]
[BlackElo "1687"]
[PlyCount "67"]
[GameId "2160767910413150"]
[EventDate "2008.03.13"]
[EventType "swiss"]
[EventRounds "8"]
[EventCountry "CAN"]
[SourceTitle "EXT 2011"]
[Source "ChessBase"]
[SourceDate "2011.11.26"]
[SourceVersion "1"]
[SourceVersionDate "2011.11.26"]
[SourceQuality "1"]

1. e4 e6 2. d4 d5 3. e5 c5 4. c3 Nc6 5. Nf3 Qb6 6. Be2 Nge7 7. dxc5 Qxc5 8. Be3 Qa5 9. b4 Qc7 10. Bb5 Bd7 11. Qe2 a6 12. Bxc6 Nxc6 13. Bd2 Be7 14. O-O O-O 15. a4 f6 16. exf6 Bxf6 17. Na3 Ne5 18. Nd4 Qc8 19. Nac2 Nc6 20. Ra3 e5 21. Nb3 b6 22. f3 Qc7 23. Be3 Rfe8 24. Qf2 Rab8 25. Rd1 Be6 26. Qg3 Ne7 27. Nbd4 Nf5 28. Nxe6 Nxg3 29. Nxc7 Ne2+ 30. Kf2 Nxc3 31. Rxc3 d4 32. Nxe8 dxe3+ 33. Nxe3 Rxe8 34. Rc7 1-0

[Event "Scarborough CC Spring Swiss"]
[Site "Toronto CAN"]
[Date "2008.03.20"]
[Round "2"]
[White "Moran-Venegas, Mario"]
[Black "Casareno, Erwin"]
[Result "0-1"]
[WhiteElo "1715"]
[BlackElo "2242"]
[PlyCount "54"]
[GameId "2160767910413151"]
[EventDate "2008.03.13"]
[EventType "swiss"]
[EventRounds "8"]
[EventCountry "CAN"]
[SourceTitle "EXT 2011"]
[Source "ChessBase"]
[SourceDate "2011.11.26"]
[SourceVersion "1"]
[SourceVersionDate "2011.11.26"]
[SourceQuality "1"]

1. e4 d6 2. d4 Nf6 3. Nc3 g6 4. f4 Bg7 5. Nf3 O-O 6. Be2 c5 7. Be3 cxd4 8. Nxd4 Nc6 9. Nxc6 bxc6 10. O-O Qc7 11. Rb1 Bb7 12. Bf3 Nd7 13. Qe1 e6 14. b3 d5 15. e5 f6 16. exf6 Bxf6 17. Na4 c5 18. c3 e5 19. fxe5 Bxe5 20. g3 Rae8 21. Qd2 Rxf3 22. Rxf3 d4 23. cxd4 Bxf3 24. dxe5 Nxe5 25. Bf4 Bb7 26. Qe2 Qc6 27. Qd1 Qg2# 0-1

[Event "Scarborough CC Spring Swiss"]
[Site "Toronto CAN"]
[Date "2008.03.20"]
[Round "2"]
[White "Moysoski, Randy"]
[Black "Gillis, Doug"]
[Result "1-0"]
[WhiteElo "1845"]
[BlackElo "1561"]
[PlyCount "144"]
[GameId "2160767910413152"]
[EventDate "2008.03.13"]
[EventType "swiss"]
[EventRounds "8"]
[EventCountry "CAN"]
[SourceTitle "EXT 2011"]
[Source "ChessBase"]
[SourceDate "2011.11.26"]
[SourceVersion "1"]
[SourceVersionDate "2011.11.26"]
[SourceQuality "1"]

1. e4 e6 2. Nf3 d5 3. Nc3 Nf6 4. e5 Nfd7 5. d4 c5 6. Bf4 Nc6 7. dxc5 Bxc5 8. Bd3 h6 9. h3 Bb4 10. O-O Bxc3 11. bxc3 Qa5 12. Qd2 Nc5 13. Rfe1 Na4 14. c4 Qxd2 15. Bxd2 dxc4 16. Bxc4 Nb6 17. Bb3 O-O 18. a4 Rd8 19. Bc3 Nd5 20. Bb2 Na5 21. Ba2 b6 22. Rad1 Bb7 23. Rd4 Rac8 24. Re2 Nc6 25. Rg4 Ndb4 26. Bb3 a5 27. Kh2 Ne7 28. Nd4 Ba6 29. Nb5 Bxb5 30. axb5 Ng6 31. Ba3 Nd5 32. Rd4 Nc3 33. Rxd8+ Rxd8 34. Re1 Nxb5 35. Bb2 Nd4 36. Ba4 Nf5 37. Bb5 Rd2 38. Re2 Rxe2 39. Bxe2 Nf4 40. Bb5 Nd5 41. g4 Nh4 42. Kg3 Ng6 43. c4 Nb4 44. Bd4 Nd3 45. Bxb6 Ngxe5 46. Bxa5 Nc5 47. Kf4 Ned3+ 48. Ke3 g5 49. Bc3 f5 50. f3 Nf4 51. Bb4 Ng2+ 52. Kf2 Nf4 53. Ke3 Nb7 54. c5 Nxc5 55. Bxc5 Nxh3 56. gxf5 exf5 57. Bd7 f4+ 58. Ke4 h5 59. Bxh3 g4 60. fxg4 hxg4 61. Bxg4 f3 62. Bxf3 Kf7 63. Kf5 Ke8 64. Ke6 Kd8 65. Bc6 Kc7 66. Kd5 Kc8 67. Bb6 Kb8 68. Kd6 Kc8 69. Be4 Kb8 70. Kc6 Kc8 71. Bf5+ Kb8 72. Bc7+ Ka7 1-0

[Event "Scarborough CC Spring Swiss"]
[Site "Toronto CAN"]
[Date "2008.03.20"]
[Round "2"]
[White "Samaroo, Muneshwar"]
[Black "Lamb, Bryan"]
[Result "0-1"]
[WhiteElo "1590"]
[BlackElo "2246"]
[PlyCount "113"]
[GameId "2160767910413153"]
[EventDate "2008.03.13"]
[EventType "swiss"]
[EventRounds "8"]
[EventCountry "CAN"]
[SourceTitle "EXT 2011"]
[Source "ChessBase"]
[SourceDate "2011.11.26"]
[SourceVersion "1"]
[SourceVersionDate "2011.11.26"]
[SourceQuality "1"]

1. e4 c5 2. Nf3 d6 3. Bc4 Nc6 4. c3 Nf6 5. d3 g6 6. Ng5 e6 7. O-O h6 8. Nf3 Bg7 9. h3 O-O 10. Be3 b6 11. Qd2 Kh7 12. Bb3 e5 13. Nh2 d5 14. exd5 Nxd5 15. Bxd5 Qxd5 16. c4 Qd7 17. Nc3 Bb7 18. Nd5 Nd4 19. Ng4 Bxd5 20. cxd5 Rh8 21. Bxh6 Qxd5 22. Qg5 f6 23. Bxg7 fxg5 24. Nf6+ Kxg7 25. Nxd5 Ne2+ 26. Kh2 Rad8 27. Ne3 Nf4 28. Rad1 Nxd3 29. b3 Nb4 30. a3 Nc6 31. Ng4 Rd4 32. f3 Rhd8 33. Rde1 Re8 34. Re2 e4 35. Rfe1 Ne5 36. Nxe5 Rxe5 37. Rxe4 Rexe4 38. fxe4 Kf6 39. Re3 Ke5 40. Kg3 Rxe4 41. Rxe4+ Kxe4 42. Kg4 b5 43. Kxg5 c4 44. bxc4 bxc4 45. Kxg6 c3 46. g4 c2 47. h4 c1=Q 48. h5 Qxa3 49. h6 Qd6+ 50. Kg7 Qe7+ 51. Kg6 Qf8 52. h7 Qh8 53. g5 a5 54. Kh6 Kf5 55. g6 Kf6 56. Kh5 Qg7 57. h8=Q 0-1

[Event "Scarborough CC Spring Swiss"]
[Site "Toronto CAN"]
[Date "2008.03.20"]
[Round "2"]
[White "Sherman, Joshua"]
[Black "Douglas, Richard"]
[Result "1/2-1/2"]
[WhiteElo "1849"]
[BlackElo "1781"]
[PlyCount "50"]
[GameId "2160767910413154"]
[EventDate "2008.03.13"]
[EventType "swiss"]
[EventRounds "8"]
[EventCountry "CAN"]
[SourceTitle "EXT 2011"]
[Source "ChessBase"]
[SourceDate "2011.11.26"]
[SourceVersion "1"]
[SourceVersionDate "2011.11.26"]
[SourceQuality "1"]

1. e4 Nf6 2. e5 Nd5 3. c4 Nb6 4. d4 d6 5. f4 Nc6 6. Be3 dxe5 7. fxe5 Bf5 8. Nc3 e6 9. Nf3 Be7 10. Be2 O-O 11. O-O Bg4 12. Ne4 Bxf3 13. Rxf3 Nd7 14. Bd3 f6 15. exf6 Nxf6 16. Nxf6+ Bxf6 17. Rh3 g6 18. Rxh7 Bxd4 19. Rh3 Qf6 20. Qg4 Bxe3+ 21. Rxe3 Ne5 22. Rxe5 Qxe5 23. Qxg6+ Qg7 24. Qxe6+ Qf7 25. Qg4+ Qg7 1/2-1/2